The internal market of the European Union Fundamental freedoms /

Detalles Bibliográficos
Autor principal: Militaru, Ioana Nely
Formato: eBook
Lenguaje:inglés
Publicado: Bucarest: Bucharest Academy of Economic Studies, 2018
Materias:
Acceso en línea:Acceso restringido

MARC

LEADER 00000nam a22000007a 4500
005 20191220111750.0
007 cr|||| ||||
008 191220s2018 ro |||||s|||| 00||0 eng d
020 |a 978-606-94312-7-6 
035 |a 30237 
040 |a vLex 
090 |c 10083  |d 10083 
100 1 |a Militaru, Ioana Nely 
245 1 3 |a The internal market of the European Union  |h [Recurso electrn̤ico] :  |b Fundamental freedoms /  |c Ioana Nely Militaru 
256 |a Servicio en ln̕ea 
260 |a Bucarest:  |b Bucharest Academy of Economic Studies,  |c 2018 
300 |a 1 recurso electrn̤ico 
500 |a This book aims at studying the evolution of the internal market of the European Union, analyzing how to harmonize the national laws of the Member States on the free movement of goods, persons, services and capital and then proposing to increase administrative convergence between Member State administrations, from the desire to increase the degree of integration and interconnection of states within the single market. This research carried out contributes to the opening of new research directions in the field of European Union law: regulating the convergence between the economies of the European Union states that make up the European Economic Area; interdisciplinarity in the study of the European Union. The book contributes to the development of sub-issues of European Union law - the Law of the internal market of the European Union, which until now has not received any particular attention from the doctrine, although practice has shown that there are many problems that call for in-depth research to provide solutions to increase efficiency in the functioning of the single market. 
506 1 |a Disponible solo en los productos indicados  |d vLex Global  |d vLex Global (Academic Edition, excluding Law Schools)  |d vLex Global (U.S. Academic Edition, Law Schools)  |d vLex Global (U.S. Academic Edition, excluding Law Schools)  |d vLex Global (Academic Edition, Law Schools) 
650 0 4 |a Derecho Mercantil y de la Empresa  |z Rumania 
650 0 4 |a Derecho Comunitario  |z Rumania 
740 0 |a vLex Libros (Servicio en ln̕ea) 
856 4 0 |u http://vlex.com/source/the-internal-market-of-the-european-union-fundamental-freedoms-30237  |z Acceso restringido 
942 |c BOOK 
999 0 |a Commercial and Business Law 
999 0 |a Community Law